00571nam a2200157 a 450000100100000000500170001000800410002704000250006810000370009324500500013026000750018030000270025504900090028295201050029199900170039600002997320200930055942.0110428s1984 dr a 000 0 spa d aDO-SdBNPbspacBNPHU1 aEstévez Montás, Roger95670310aReglas de tamubo /cRoger Estéves Montás. aSanto Domingo :bSecretaría Administrativa de la Presidencia,c1984. a52 p. :bil. ;c21 cm. aBNPD 0010718PDaPDbPDcCTd2011-04-28iLF1l0o p29973-10r2020-06-25w2020-06-25yLFPDZNo se presta c29465d29465